Adventures in Zambian politics : (Record no. 129707)
[ view plain ]
| 000 -LEADER | |
|---|---|
| fixed length control field | 02041cam a2200373 i 4500 |
| 001 - CONTROL NUMBER | |
| control field | 20574274 |
| 003 - CONTROL NUMBER IDENTIFIER | |
| control field | ARRUPE |
| 005 - DATE AND TIME OF LATEST TRANSACTION | |
| control field | 20190815112532.0 |
| 008 - FIXED-LENGTH DATA ELEMENTS--GENERAL INFORMATION | |
| fixed length control field | 180706s2019 coua b 001 0aeng c |
| 010 ## - LIBRARY OF CONGRESS CONTROL NUMBER | |
| LC control number | 2018032409 |
| 020 ## - INTERNATIONAL STANDARD BOOK NUMBER | |
| International Standard Book Number | 9781626377592 (hardcover : alk. paper) |
| 020 ## - INTERNATIONAL STANDARD BOOK NUMBER | |
| Cancelled/invalid ISBN | 9781626377752 (ebook) |
| 040 ## - CATALOGING SOURCE | |
| Original cataloging agency | IEN/DLC |
| Language of cataloging | eng |
| Transcribing agency | IEN |
| Description conventions | rda |
| Modifying agency | DLC |
| 042 ## - AUTHENTICATION CODE | |
| Authentication code | pcc |
| 043 ## - GEOGRAPHIC AREA CODE | |
| Geographic area code | f-za--- |
| 050 00 - LIBRARY OF CONGRESS CALL NUMBER | |
| Classification number | DT3117.S36 |
| Item number | 2019 |
| 082 04 - DEWEY DECIMAL CLASSIFICATION NUMBER | |
| Classification number | 968.9404092 |
| 300 ## - PHYSICAL DESCRIPTION | |
| Other physical details | illustrations ; |
| Dimensions | 24 cm |
| 100 1# - MAIN ENTRY--PERSONAL NAME | |
| Personal name | Scott, Guy |
| Fuller form of name | (Guy Lindsay), |
| Dates associated with a name | 1944- |
| Relator term | author. |
| 9 (RLIN) | 47820 |
| 245 10 - TITLE STATEMENT | |
| Title | Adventures in Zambian politics : |
| Remainder of title | a story in black and white / |
| Statement of responsibility, etc | Guy Scott. |
| 260 ## - PUBLICATION, DISTRIBUTION, ETC. (IMPRINT) | |
| Place of publication, distribution, etc | London |
| Name of publisher, distributor, etc | Lynne Rienner Publishers |
| Date of publication, distribution, etc | 2019 |
| 300 ## - PHYSICAL DESCRIPTION | |
| Extent | xx, 259 p. : |
| 504 ## - BIBLIOGRAPHY, ETC. NOTE | |
| Bibliography, etc | Includes bibliographical references (pages 253-254) and index. |
| 505 0# - FORMATTED CONTENTS NOTE | |
| Formatted contents note | Foreword / Miles Larmer -- Prologue -- The plucky little devil -- "Northern Rhodesians" -- Sounds in the forest -- Young Michael heads for town -- The first wind -- Chimwela - the second wind -- The reign of King Fred -- Elements of fudge -- X years in the wilderness, y days in jail -- Inside looking out -- Daily business -- Double Dutch syndrome -- Chinese whispers -- Good neighborliness -- The not-so-rough guide -- Slow death -- Epilogue: A quick presidency, and after. |
| 600 10 - SUBJECT ADDED ENTRY--PERSONAL NAME | |
| Personal name | Scott, Guy |
| Fuller form of name | (Guy Lindsay), |
| Dates associated with a name | 1944- |
| 9 (RLIN) | 47820 |
| 650 #0 - SUBJECT ADDED ENTRY--TOPICAL TERM | |
| Topical term or geographic name as entry element | Politicians |
| Geographic subdivision | Zambia |
| Form subdivision | Biography. |
| 9 (RLIN) | 47821 |
| 651 #0 - SUBJECT ADDED ENTRY--GEOGRAPHIC NAME | |
| Geographic name | Zambia |
| General subdivision | Politics and government |
| Chronological subdivision | 1964-1991. |
| 9 (RLIN) | 3434 |
| 651 #0 - SUBJECT ADDED ENTRY--GEOGRAPHIC NAME | |
| Geographic name | Zambia |
| General subdivision | Politics and government |
| Chronological subdivision | 1991- |
| 9 (RLIN) | 47822 |
| 776 08 - ADDITIONAL PHYSICAL FORM ENTRY | |
| Display text | Online version: |
| Main entry heading | Scott, Guy (Guy Lindsay), 1944- author. |
| Title | Adventures in Zambian politics |
| Place, publisher, and date of publication | Boulder, Colorado : Lynne Rienner Publishers, 2019 |
| International Standard Book Number | 9781626377752 |
| Record control number | (DLC) 2018033096 |
| 906 ## - LOCAL DATA ELEMENT F, LDF (RLIN) | |
| a | 7 |
| b | cbc |
| c | orignew |
| d | 1 |
| e | ecip |
| f | 20 |
| g | y-gencatlg |
| 942 ## - ADDED ENTRY ELEMENTS (KOHA) | |
| Source of classification or shelving scheme | Library of Congress Classification |
| Koha item type | Monograph ( Printed materials) |
| Withdrawn status | Lost status | Source of classification or shelving scheme | Damaged status | Not for loan | Collection code | Home library | Current library | Shelving location | Date acquired | Total Checkouts | Full call number | Barcode | Date last seen | Price effective from | Koha item type |
|---|---|---|---|---|---|---|---|---|---|---|---|---|---|---|---|
| Library of Congress Classification | Main Collection | ARRUPE LIBRARY | ARRUPE LIBRARY | Main Collection | 15/08/2019 | DT3117.S36 2019 | 46600005058 | 15/08/2019 | 15/08/2019 | Monograph ( Printed materials) |